Big (Record no. 196167)
[ view plain ]
| 000 -LEADER | |
|---|---|
| fixed length control field | 03128cgm a2200745Ka 4500 |
| 001 - CONTROL NUMBER | |
| control field | ocm51959576 |
| 003 - CONTROL NUMBER IDENTIFIER | |
| control field | OCoLC |
| 005 - DATE AND TIME OF LATEST TRANSACTION | |
| control field | 20241220162550.0 |
| 007 - PHYSICAL DESCRIPTION FIXED FIELD--GENERAL INFORMATION | |
| fixed length control field | vd cgaizs |
| 008 - FIXED-LENGTH DATA ELEMENTS--GENERAL INFORMATION | |
| fixed length control field | 030402p19981988cau104 vleng d |
| 040 ## - CATALOGING SOURCE | |
| Original cataloging agency | R2A |
| Language of cataloging | eng |
| Transcribing agency | R2A |
| Modifying agency | BTCTA |
| -- | OCLCQ |
| -- | OCLCG |
| -- | SINLB |
| -- | SEA |
| -- | QT7 |
| -- | OCLCA |
| -- | OCLCQ |
| -- | BDX |
| -- | OBE |
| -- | OCLCO |
| -- | SBR |
| -- | UMC |
| -- | CHY |
| -- | OCLCA |
| -- | OCLCO |
| -- | UINTA |
| 019 ## - | |
| -- | 53901708 |
| 024 1# - OTHER STANDARD IDENTIFIER | |
| Standard number or code | 086162126086 |
| 024 10 - OTHER STANDARD IDENTIFIER | |
| Standard number or code | 024543020172 |
| 028 40 - PUBLISHER NUMBER | |
| Publisher number | 4112608 |
| Source | Twentieth Century Fox Home Entertainment |
| 035 ## - SYSTEM CONTROL NUMBER | |
| System control number | (OCoLC)51959576 |
| Canceled/invalid control number | (OCoLC)53901708 |
| 041 1# - LANGUAGE CODE | |
| Language code of text/sound track or separate title | eng |
| -- | fre |
| -- | spa |
| Language code of original and/or intermediate translations of text | eng |
| 043 ## - GEOGRAPHIC AREA CODE | |
| Geographic area code | n-us-ny |
| 050 #4 - LIBRARY OF CONGRESS CALL NUMBER | |
| Classification number | PN1995.C55 |
| Item number | B54 1998 |
| 082 04 - DEWEY DECIMAL CLASSIFICATION NUMBER | |
| Classification number | 791.4372 |
| Edition number | 21 |
| 049 ## - LOCAL HOLDINGS (OCLC) | |
| Holding library | UCLB |
| 245 00 - TITLE STATEMENT | |
| Title | Big |
| Medium | [videorecording] / |
| Statement of responsibility, etc | Twentieth Century Fox ; a Gracie Films production ; written by Gary Ross & Anne Spielberg ; produced by James L. Brooks & Robert Greenhut ; directed by Penny Marshall. |
| 250 ## - EDITION STATEMENT | |
| Edition statement | Widescreen version. |
| 257 ## - COUNTRY OF PRODUCING ENTITY FOR ARCHIVAL FILMS | |
| Country of producing entity | United States |
| -- | naf |
| 260 ## - PUBLICATION, DISTRIBUTION, ETC. (IMPRINT) | |
| Place of publication, distribution, etc | Beverly Hills, Calif. : |
| Name of publisher, distributor, etc | Twentieth Century Fox Home Entertainment, |
| Date of publication, distribution, etc | c1998. |
| 300 ## - PHYSICAL DESCRIPTION | |
| Extent | 1 videodisc (104 min.) : |
| Other physical details | sd., col. ; |
| Dimensions | 4 3/4 in. |
| 546 ## - LANGUAGE NOTE | |
| Language note | In English or French with optional subtitles in English and Spanish. Closed-captioned. |
| 508 ## - CREATION/PRODUCTION CREDITS NOTE | |
| Creation/production credits note | Editor, Barry Malkin ; production designer, Santo Loquasto ; director of photography, Barry Sonnenfeld ; music, Howard Shore. |
| 511 1# - PARTICIPANT OR PERFORMER NOTE | |
| Participant or performer note | Tom Hanks, Elizabeth Perkins, Robert Loggia, John Heard, Jared Rushton. |
| 500 ## - GENERAL NOTE | |
| General note | Originally produced as motion picture in 1988. |
| 500 ## - GENERAL NOTE | |
| General note | Includes original theatrical trailer. |
| 538 ## - SYSTEM DETAILS NOTE | |
| System details note | DVD. |
| 521 8# - TARGET AUDIENCE NOTE | |
| Target audience note | MPAA rating: PG. |
| 520 ## - SUMMARY, ETC. | |
| Summary, etc | A 12-year-old boy's wish comes true when he asks a mechanical carnival genie to make him 'big'. He manages to land a job at a toy company where he experiences the complications of being an adult. |
| 650 #0 - SUBJECT ADDED ENTRY--TOPICAL TERM | |
| Topical term or geographic name as entry element | Teenage boys |
| Form subdivision | Drama. |
| 9 (RLIN) | 5729102 |
| 650 #0 - SUBJECT ADDED ENTRY--TOPICAL TERM | |
| Topical term or geographic name as entry element | Fortune-telling |
| Form subdivision | Drama. |
| 9 (RLIN) | 6532254 |
| 650 #0 - SUBJECT ADDED ENTRY--TOPICAL TERM | |
| Topical term or geographic name as entry element | Wishes |
| Form subdivision | Drama. |
| 9 (RLIN) | 5738195 |
| 650 #0 - SUBJECT ADDED ENTRY--TOPICAL TERM | |
| Topical term or geographic name as entry element | Adulthood |
| Geographic subdivision | New York (State) |
| -- | New York |
| Form subdivision | Drama. |
| 9 (RLIN) | 6532255 |
| 650 #0 - SUBJECT ADDED ENTRY--TOPICAL TERM | |
| Topical term or geographic name as entry element | Toy industry. |
| 650 #0 - SUBJECT ADDED ENTRY--TOPICAL TERM | |
| Topical term or geographic name as entry element | Comedy films. |
| 650 #0 - SUBJECT ADDED ENTRY--TOPICAL TERM | |
| Topical term or geographic name as entry element | Feature films. |
| 650 #0 - SUBJECT ADDED ENTRY--TOPICAL TERM | |
| Topical term or geographic name as entry element | Fantasy films. |
| 650 #0 - SUBJECT ADDED ENTRY--TOPICAL TERM | |
| Topical term or geographic name as entry element | Video (DVD) |
| 9 (RLIN) | 5894721 |
| 651 #0 - SUBJECT ADDED ENTRY--GEOGRAPHIC NAME | |
| Geographic name | New York (N.Y.) |
| Form subdivision | Drama. |
| 9 (RLIN) | 5675592 |
| 655 #7 - INDEX TERM--GENRE/FORM | |
| Genre/form data or focus term | Comedy films. |
| Source of term | lcgft |
| 655 #7 - INDEX TERM--GENRE/FORM | |
| Genre/form data or focus term | Feature films. |
| Source of term | lcgft |
| 655 #7 - INDEX TERM--GENRE/FORM | |
| Genre/form data or focus term | Fiction films. |
| Source of term | lcgft |
| 655 #7 - INDEX TERM--GENRE/FORM | |
| Genre/form data or focus term | Films for the hearing impaired. |
| Source of term | lcgft |
| 655 #7 - INDEX TERM--GENRE/FORM | |
| Genre/form data or focus term | Video recordings for the hearing impaired. |
| Source of term | lcgft |
| 700 1# - ADDED ENTRY--PERSONAL NAME | |
| Personal name | Hanks, Tom. |
| 9 (RLIN) | 29715 |
| 700 1# - ADDED ENTRY--PERSONAL NAME | |
| Personal name | Perkins, Elizabeth, |
| Dates associated with a name | 1960- |
| 9 (RLIN) | 62804 |
| 700 1# - ADDED ENTRY--PERSONAL NAME | |
| Personal name | Loggia, Robert. |
| 9 (RLIN) | 22753 |
| 700 1# - ADDED ENTRY--PERSONAL NAME | |
| Personal name | Heard, John, |
| Dates associated with a name | 1945- |
| 9 (RLIN) | 5893927 |
| 700 1# - ADDED ENTRY--PERSONAL NAME | |
| Personal name | Rushton, Jared, |
| Dates associated with a name | 1974- |
| 9 (RLIN) | 64407 |
| 700 1# - ADDED ENTRY--PERSONAL NAME | |
| Personal name | Marshall, Penny. |
| 9 (RLIN) | 35850 |
| 700 1# - ADDED ENTRY--PERSONAL NAME | |
| Personal name | Ross, Gary. |
| 9 (RLIN) | 28293 |
| 700 1# - ADDED ENTRY--PERSONAL NAME | |
| Personal name | Spielberg, Anne, |
| Dates associated with a name | 1949- |
| 9 (RLIN) | 74642 |
| 700 1# - ADDED ENTRY--PERSONAL NAME | |
| Personal name | Greenhut, Robert. |
| 9 (RLIN) | 23964 |
| 700 1# - ADDED ENTRY--PERSONAL NAME | |
| Personal name | Brooks, James L. |
| 9 (RLIN) | 30825 |
| 710 2# - ADDED ENTRY--CORPORATE NAME | |
| Corporate name or jurisdiction name as entry element | Twentieth Century-Fox Film Corporation. |
| 9 (RLIN) | 5758 |
| 710 2# - ADDED ENTRY--CORPORATE NAME | |
| Corporate name or jurisdiction name as entry element | Gracie Films. |
| 9 (RLIN) | 64342 |
| 938 ## - | |
| -- | Baker and Taylor |
| -- | BTCP |
| -- | be2005007188 |
| 938 ## - | |
| -- | Brodart |
| -- | BROD |
| -- | 08906947 |
| -- | $14.98 |
| 994 ## - | |
| -- | C0 |
| -- | UINTA |
| Withdrawn status | Lost status | Source of classification or shelving scheme | Damaged status | Not for loan | Collection code | Home library | Current library | Shelving location | Date acquired | Source of acquisition | Cost, normal purchase price | Total Checkouts | Total Renewals | Full call number | Barcode | Date last seen | Date checked out | Cost, replacement price | Price effective from | Koha item type |
|---|---|---|---|---|---|---|---|---|---|---|---|---|---|---|---|---|---|---|---|---|
| Dewey Decimal Classification | Movies | Wasatch County Library | Wasatch County Library | Audio Visual Area | 02/23/2018 | Amazon | 10.00 | 47 | 21 | DVD Big | 34301001543422 | 11/17/2025 | 10/15/2025 | 10.00 | 03/20/2020 | DVD |
